000 01687nam a2200397 a 4500
999 _c117458
_d117458
003 BLK
005 20250318005546.0
008 180409b bul|||||r ||||||| ||bul||
010 _aKNG00123045000
040 _aBLK
041 _aBUL
_cBUL
080 _aКраезнание
_b908
_x(497.234)
_z908(497.234)
080 _aБългарската държава от нач. на ХХ в. до края на Първата световна война (1901-1918). Разцвет на капитализма
_b94(497.2)"1901/1918"
_z94(497.2)"1901/1918"
100 1 _aАлваджиев, Никола Стоянов
_eпърви автор
_9270617
139 _aАлваджиев, Никола Стоянов
_bА 48
245 1 0 _aПловдивска хроника
_b1910 - 1912 г.
_cНикола Стоянов Алваджиев; предг. от Николай Хайтов.
257 _aBGR
260 _aПловдив
_bХристо Г. Данов
_c1971
300 _a311 с.
_bс ил.
_c21 см
380 _a9
500 _aАвт. не е даден на кор.
650 4 _aИстория - Пловдив
_9315235
651 4 _aПловдив
_9179377
651 4 _aБългария
_9241624
653 _aкраезнание
653 _aистория
653 _aПловдив
700 _aХайтов, Николай Александров
_d1919-2002
_gПисател. Драматург.
_9431013
852 _aЦб 61257
856 4 _qpdf
856 4 _qpdf
942 _cKNG
_n0
_s1
944 _aCR
_c26.04.2011
_lCRON CRON
_k
944 _aED
_c2022-07-29
_kир
999 _d117458